AB sürecinde diyanet paneli II (Record no. 10458)

MARC details
000 -BAŞLIK
Sabit Uzunlukta Kontrol Alanı 00601na a2200205 4500
001 - KONTROL NUMARASI
Denetim Alanı 23578
003 - KONTROL NUMARASI IDENTIFIER
Denetim Alanı MIRAKIL
005 - SON İŞLEM TARİHİ VE ZAMANI
Denetim Alanı 20181213155322.0
008 - SABİT-BOY VERİ ELEMANLARI - GENEL BİLGİLER
Sabit Uzunlukta Kontrol Alanı 180115b tu 000 0
040 ## - KATALOGLAMA KAYNAK
Orijinal Kataloglama Ajansı Milas
Kataloglama Dili tur
Metne Dönüştürmek Ajansı TR-AnCHP
041 ## - DİL KODU
Metin / Ses Parça Veya Ayrı Başlığın Dil Kodu tur
082 ## - DEWEY ONLU SINIFLANDIRMA NUMARASI
Sınıflandırma Numarası 353.00857
Ürün Numarası A1 2007
090 ## - SINIFLAMA NUMARASI
Sınıflama Numarası 353.00857 A1 2007
111 ## - ANA GİRİŞ - TOPLANTI ADI
Giriş Elemanı Olarak Toplantı Adı Veya Yargı Alanı Adı AB sürecinde diyanet paneli II
Toplantının Yeri Ankara
Toplantı Veya Antlaşma İmzalandığı Tarihi 2007
245 ## - BAŞLIK TABLOSU
Başlık AB sürecinde diyanet paneli II
Sorumluluk Tablosu, Vb DİYANET-SEN
260 ## - YAYIN, DAĞITIM, VB
Yayın, Dağıtım, Vb Yeri Ankara
Yayıncı, Dağıtıcı, Vs Adı DİYANET-SEN
Yayın, Dağıtım, Vb Tarihi 2007
Üretici Firma Çetin veb ofset
300 ## - FİZİKSEL TANIM
Kapsam 107 s.
Diğer Fiziksel Ayrıntıları fotğ.
Boyutlar 21
650 ## - KONU KATMA GİRİŞ - TOPİKAL DÖNEM
Topikal Süreli Veya Coğrafi Ad Giriş Elemanı Din ve siyaset
Genel Alt Bölümü Türkiye
-- Toplantılar
942 ## - EKLENDİ GİRİŞ ELEMANLARI (KOHA)
Sınıflandırma Veya Raf Düzeni Kaynak Dewey Decimal Classification
Koha Öğesi Türü Books
999 ## - SİSTEM KONTROL NUMARALARI (KOHA)
Koha Biblionumber 10458
Koha Biblioitemnumber 10458
Holdings
Kalıcı Konum Mevcut Konum Edinme Tarihi Edinim Kaynak Toplam Check-Out'Lar Tam Çağrı Numarası Barkod Tarih Son Görülme İtibaren Geçerli Fiyatlar Koha Öğesi Türü
CHP Kütüphanesi CHP Kütüphanesi 11/03/2017 Bağış   353.00857 A1 2007 017562 11/03/2017 11/03/2017 Books